Hole's human anatomy and physiology/ (Record no. 9436)
[ view plain ]
| 000 -LEADER | |
|---|---|
| fixed length control field | 00704nam a22002417a 4500 |
| 003 - CONTROL NUMBER IDENTIFIER | |
| control field | OSt |
| 005 - DATE AND TIME OF LATEST TRANSACTION | |
| control field | 20260415022743.0 |
| 008 - FIXED-LENGTH DATA ELEMENTS--GENERAL INFORMATION | |
| fixed length control field | 260415b |||||||| |||| 00| 0 eng d |
| 020 ## - INTERNATIONAL STANDARD BOOK NUMBER | |
| International Standard Book Number | 0-697-20963-6 |
| 040 ## - CATALOGING SOURCE | |
| Original cataloging agency | DWC-Main lib. |
| Transcribing agency | OC |
| 082 ## - DEWEY DECIMAL CLASSIFICATION NUMBER | |
| Edition number | 7th ed. |
| Classification number | Circ. 612.21 Sh555 1996 |
| 100 ## - MAIN ENTRY--PERSONAL NAME | |
| Personal name | Shier, David |
| 245 ## - TITLE STATEMENT | |
| Title | Hole's human anatomy and physiology/ |
| Statement of responsibility, etc. | David Shier |
| 260 ## - PUBLICATION, DISTRIBUTION, ETC. | |
| Place of publication, distribution, etc. | Boston : |
| Name of publisher, distributor, etc. | WMC Brown Publishers, |
| Date of publication, distribution, etc. | c1996. |
| 300 ## - PHYSICAL DESCRIPTION | |
| Extent | vii, 277 p. : |
| Other physical details | illustration : |
| Dimensions | 27 cm. |
| 504 ## - BIBLIOGRAPHY, ETC. NOTE | |
| Bibliography, etc. note | Includes credits. |
| 650 ## - SUBJECT ADDED ENTRY--TOPICAL TERM | |
| Topical term or geographic name entry element | 1. Anatomy. |
| 650 ## - SUBJECT ADDED ENTRY--TOPICAL TERM | |
| Topical term or geographic name entry element | 2. Physiology. |
| 700 ## - ADDED ENTRY--PERSONAL NAME | |
| Personal name | Butler, Jackie |
| 700 ## - ADDED ENTRY--PERSONAL NAME | |
| Personal name | Lewis, Ricki |
| 760 ## - MAIN SERIES ENTRY | |
| Edition | 7th ed. |
| 942 ## - ADDED ENTRY ELEMENTS (KOHA) | |
| Source of classification or shelving scheme | Dewey Decimal Classification |
| Koha item type | Book Circulation |
| Edition | 7th ed. |
| Classification part | Circ. |
| Suppress in OPAC | No |
| 952 ## - LOCATION AND ITEM INFORMATION (KOHA) | |
| -- | |
| Withdrawn status | Lost status | Source of classification or shelving scheme | Damaged status | Not for loan | Home library | Current library | Shelving location | Date acquired | Total Checkouts | Full call number | Barcode | Date last seen | Copy number | Price effective from | Koha item type | Uniform Resource Identifier |
|---|---|---|---|---|---|---|---|---|---|---|---|---|---|---|---|---|
| Dewey Decimal Classification | HM & Nursing Library | HM & Nursing Library | Circulation | 04/08/2006 | Circ. 612.21 Sh555 1996 | CL43229 | 04/15/2026 | c1 | 04/15/2026 | BK-CIRC |